000 00502nam a22001817a 4500
999 _c194859
_d194859
005 20230124113520.0
010 _aENG-136047
020 _a9788122201468
_c240.00
035 _aEN-119579
037 _bDBAD/PUB
082 _aN
100 _aJoshi, Arun
245 _aThe Foreigner:
_bLibrary of South Asian Literature/
_cby Arun Joshi
260 _aNew Delhi
_bOrinet Paperbacks
_c2010
270 _a5A/8, Ansari Road
_bNew Delhi
_e110002
300 _a192p.
_c20cm(pbk)
942 _2ddc
_cEN
_hN
_mJOS